000 00634nam a2200193 i 4500
001 58489
003 ES-MaACL
007 t|
008 031022s1929 fr ||||1| fre d
100 1 _aDuret, Renè.
_946292
245 1 2 _aL'objet de la perception
_b: ètude psychologique /
_cpar Renè Duret.
260 _aParís :
_bFélix Alcan,
_c1929 (
_fRoanne Souchier)
300 _aVI, 102 p. ;
_c23 cm.
490 1 _aBibliothèque de philosophie contemporaine
502 _aThèse complémentaire pour le Doctorat.
830 0 _aBibliothèque de philosophie contemporaine
_9181027
852 _aES-MaACL
_jB-6361
999 _c58489
_d58489